Dictionnaire usuel de psychologie

Αποθηκεύτηκε σε:
Λεπτομέρειες βιβλιογραφικής εγγραφής
Κύριος συγγραφέας: Sillamy, Norbert
Μορφή: Βιβλίο
Γλώσσα:French
Δημοσίευση: Paris : Bordas, 1983
Θέματα:
Ετικέτες: Προσθήκη ετικέτας
Δεν υπάρχουν, Καταχωρήστε ετικέτα πρώτοι!

MARC

LEADER 00000nam a2200000 i 4500
001 1/83368
008 960624s1983 fre d
020 |a 2-04-015330-6 
035 |a 1987  |c Αγορά  |l 10034175 
040 |a GR-MY-UA  |b gre  |e aacr 
041 0 |a fre 
082 0 |a Π 150.3 
100 1 |a Sillamy, Norbert. 
245 1 0 |a Dictionnaire usuel de psychologie /  |c Norbert Sillamy 
260 |a Paris :   |b Bordas,   |c 1983 
300 |a 167 p. 
650 0 0 |a Psychology  |x Dictionaries. 
852 |a INST  |b RHODES  |e 19960624  |h 150.3 SIL  |p 005400008831  |q 005400008831  |t REF  |y 23 
909 |a Ρ  |b 006268  |c 1987